Kontroling v podnikoch cestovného ruchu - významná súčasť inovačných krokov na identifikáciu a zvyšovanie efektívnosti

Podstata a význam kontrolingu hotela a reštaurácie. Postavenie kontrolera a manažéra v podniku. Rámcová náplň kontrolingu hotela. Kontroling a vnútropodniková organizačná štruktúra podniku cestovného ruchu. Záujmové okruhy kontrolingu podniku cestovného ruchu.

Uložené v:
Podrobná bibliografia
Hlavný autor: Pachingerová, Mária
Médium: Kapitola
Jazyk:Slovak
Predmet:
Tagy: Pridať tag
Žiadne tagy, Buďte prvý, kto otaguje tento záznam!

MARC

LEADER 00000naa$a2200000$$$4500
001 0103261
005 20240613101406.0
041 0 |a slo 
044 |a SK 
245 1 0 |a Kontroling v podnikoch cestovného ruchu - významná súčasť inovačných krokov na identifikáciu a zvyšovanie efektívnosti  |c Mária Pachingerová 
520 |a Podstata a význam kontrolingu hotela a reštaurácie. Postavenie kontrolera a manažéra v podniku. Rámcová náplň kontrolingu hotela. Kontroling a vnútropodniková organizačná štruktúra podniku cestovného ruchu. Záujmové okruhy kontrolingu podniku cestovného ruchu. 
610 2 0 |a kontroling podnikový 
610 2 0 |a kontroling finančný 
610 2 0 |a kontroling investičný 
610 2 0 |a rentabilita 
610 2 0 |a rozpočtovanie 
610 2 0 |a plánovanie 
610 2 0 |a rozhodovanie 
610 2 0 |a efektívnosť 
610 2 0 |a hotely 
610 2 0 |a reštaurácie 
610 2 0 |a ruch cestovný 
100 1 |a Pachingerová, Mária